| 000 | 01353nam a2200205 a 4500 | ||
|---|---|---|---|
| 001 | SSB060208 | ||
| 003 | PILC | ||
| 005 | 20160321140118.0 | ||
| 008 | |||
| 020 | _a9789719905301 | ||
| 050 |
_aG 155.A1 _b.L628p 2012 |
||
| 100 | _aLim, Romeo D. | ||
| 245 | 0 |
_aPrinciples & scopes of tourism / _cRomeo D. Lim. |
|
| 260 |
_aManila : _bMindshapers, _c2012. |
||
| 300 |
_avi, 328 pages : _billustration ; _c26 cm. |
||
| 500 | _aIncludes bibliographical references. | ||
| 505 |
_gDefinition of Tourism, Toursm chain, and history of tourism -- _tToursim and tourist typology, traits & characteristic and ways to enjoy tourism -- _tUnderstanding motivation in tourism -- _tThe components sector of the travel and tourism industry -- _tBenefits and impacts of tourism -- _tTourism organization -- _tTourism : socio and cultural problems -- _tSustainable tourism -- _tTourism marketing -- _tRural tourism -- _tUrban tourism -- _tSecurity and safety in tourism -- _tCareer in tourism -- _tPhilippine festivals -- _tTourism beyond and Touism issues -- _tThe new wonders of nature -- _tPhilippines Clean Water Acts - RA 9275 -- _tDeclaration on Tourism Safety and Security By The ASEAN Tourism Ministers -- _tRules and Regulations to Govern the Accreditation / Farm Site in the Philippines. |
||
| 650 | _aTourism. | ||
| 942 |
_2lcc _cBK _kFIL |
||
| 999 |
_c276928 _d276928 |
||